BIBLIOTHÈQUE DE LA MAISON DU MEXIQUE

Logo 1 Logo 2

Nuestro laberinto (notice nᵒ 12361)

détails MARC
000 -Sello discográfico
campo de control de longitud fija 01004nam a2200313 4500
005 - Identificación de versión
campo de control 20251016083228.0
035 ## - Otros números de control del sistema
Número de control del sistema 12497
099 ## - fechas locales
Tipo de ítem Koha LIBRO
100 ## - Datos de procesamiento general
Datos de procesamiento general 19930801d19751972m y1spay5003 ba
101 1# - Idioma del recurso
Idioma del texto, banda sonora, etc. Español; Castellano
Idioma de la obra original Inglés
105 ## - Campo de datos codificados: Material textual, monográfico
Datos codificados de monografía y 001zy
200 1# - Título y mención de responsabilidad
Título propio Nuestro laberinto
Designación general del material texto impreso
Primer mención de responsabilidad Erich Kahler
Declaración de responsabilidad subsiguiente traducción de Juan José Utrilla
205 ## - Declaración de edición
Declaración de edición 1a reimpr de la 1a ed
210 ## - Publicación, distribución, etc.
Lugar de publicación, distribución, etc. México
Nombre del editor, distribuidor, etc. Fondo de Cultura Económica
Fecha de publicación, distribución, etc. 1975
215 ## - Descripción física
Designación de material específico y extensión del ítem 334 p
Dimensiones 17 cm
345 ## - Nota de información de adquisición
Fuente de adquisición/dirección de la suscripción [OBSOLETO] Donación
410 #1 - Series
Título Breviarios del Fondo de Cultura Económica
Número de volumen 222
454 #1 - Traducción de
Título Out of the labyrinth, essays in clarification
606 ## - Término temático usado como materia
Elemento de entrada Civilización
Subdivisión temática Alocuciones, ensayos y conferencias
Número Koha 19037
700 ## - Nombre personal - Responsabilidad primaria
Elemento de entrada Kahler
Parte del nombre distinta del elemento de entrada Erich
Fechas 1885-1970
Número Koha 5155
702 ## - Nombre personal - Responsabilidad secundaria
Elemento de entrada Utrilla
Parte del nombre distinta del elemento de entrada Juan José
Fechas 1932-
Número Koha 2309
801 #0 - Fuente de origen
Agencia cm
900 ## -
-- 1/9169
900 ## -
-- 710934829\\010893
942 ## - ELEMENTOS DE ENTRADA SECUNDARIOS (KOHA)
Tipo de ítem Koha Livre
996 ## -
-- MEX
-- 751145101
-- MMAG
-- 004704
-- 082.1 B846 V.222
-- 20210427LIV
Exemplaires
Estatus retirado Estado de daño Estado de pérdida Fecha de adquisición Biblioteca de origen Biblioteca actual Ubicación en estantería Código de barras Precio de reemplazo Signatura topográfica completa No para préstamo Tipo de ítem Koha Nota pública Nota no pública
      05/08/2025 Casa México Paris Casa México Paris   004704 05/08/2025 082.1 B846 V.222   Livre 20210427LIV 751145101